书目信息 |
| 题名: |
农药问答
|
|
| 作者: | 徐映明 , 朱文达 编 | |
| 分册: | ||
| 出版信息: | 北京 化学工业出版社 2011 |
|
| 页数: | 453页 | |
| 开本: | 25cm | |
| 丛书名: | ||
| 单 册: | ||
| 中图分类: | S48 | |
| 科图分类: | ||
| 主题词: | 农药施用--基本知识 | |
| 电子资源: | ||
| ISBN: | 978-7-122-10304-8 | |
| 000 | 00885nam0 2200253 450 | |
| 001 | 012015000685 | |
| 005 | 20150914161659.56 | |
| 010 | @a978-7-122-10304-8@dCNY68.00 | |
| 100 | @a20110425d2011 em y0chiy50 ea | |
| 101 | 0 | @achi |
| 102 | @aCN@b110000 | |
| 105 | @ay z 000yy | |
| 106 | @ar | |
| 200 | 1 | @a农药问答@Anong yao wen da@f徐映明,朱文达编 |
| 205 | @a5版 | |
| 210 | @a北京@c化学工业出版社@d2011 | |
| 215 | @a453页@d25cm | |
| 330 | @a本书共1363题,介绍了杀虫剂、杀螨剂、杀鼠剂、杀软体动物剂、杀菌剂、杀线虫剂、杀病毒剂、除草剂、植物生长调节剂等农药品种及其混剂的特性、用途、防治对象、施用技术、施药适期及注意事项等,全面反映了当前我国农药应用技术的新进展和新成果。 | |
| 606 | 0 | @a农药施用@x基本知识 |
| 690 | @aS48@v5 | |
| 701 | 0 | @a徐映明@Axu ying ming@4编 |
| 701 | 0 | @a朱文达@Azhu wen da@4编 |
| 801 | 0 | @aCN@b碧洲教育@c20150718 |
| 905 | @a10447@f4@dS48@e107=5 | |
| 农药问答/徐映明,朱文达编.-5版.-北京:化学工业出版社,2011 |
| 453页;25cm |
| ISBN 978-7-122-10304-8:CNY68.00 |
| 本书共1363题,介绍了杀虫剂、杀螨剂、杀鼠剂、杀软体动物剂、杀菌剂、杀线虫剂、杀病毒剂、除草剂、植物生长调节剂等农药品种及其混剂的特性、用途、防治对象、施用技术、施药适期及注意事项等,全面反映了当前我国农药应用技术的新进展和新成果。 |
| ● |
| 相关链接 |
|
|
|
|
正题名:农药问答
索取号:S48/107=5
 
预约/预借
| 序号 | 登录号 | 条形码 | 馆藏地/架位号 | 状态 | 备注 |
| 1 | 0848439 | 208484399 | 第二样本阅览室/ [索取号:S48/107=5] | 在馆 | |
| 2 | 0848440 | 208484406 | 第三借阅区/ [索取号:S48/107=5] | 在馆 | |
| 3 | 0848441 | 208484415 | 第三借阅区/ [索取号:S48/107=5] | 在馆 | |
| 4 | 0848442 | 208484424 | 密集书库-生命科学系/ [索取号:S48/107=5] | 在馆 |